<?xml version="1.0" encoding="UTF-8"?><?xml-stylesheet type="text/xsl" href="static/style.xsl"?><OAI-PMH xmlns="http://www.openarchives.org/OAI/2.0/" xmlns:xsi="http://www.w3.org/2001/XMLSchema-instance" xsi:schemaLocation="http://www.openarchives.org/OAI/2.0/ http://www.openarchives.org/OAI/2.0/OAI-PMH.xsd"><responseDate>2026-04-17T14:47:45Z</responseDate><request verb="GetRecord" identifier="oai:www.recercat.cat:20.500.12694/7076" metadataPrefix="marc">https://recercat.cat/oai/request</request><GetRecord><record><header><identifier>oai:recercat.cat:20.500.12694/7076</identifier><datestamp>2025-12-18T12:09:26Z</datestamp><setSpec>com_2072_179042</setSpec><setSpec>col_2072_484474</setSpec></header><metadata><record xmlns="http://www.loc.gov/MARC21/slim" xmlns:dcterms="http://purl.org/dc/terms/" xmlns:xsi="http://www.w3.org/2001/XMLSchema-instance" xmlns:doc="http://www.lyncode.com/xoai" xsi:schemaLocation="http://www.loc.gov/MARC21/slim http://www.loc.gov/standards/marcxml/schema/MARC21slim.xsd">
   <leader>00925njm 22002777a 4500</leader>
   <datafield ind2=" " ind1=" " tag="042">
      <subfield code="a">dc</subfield>
   </datafield>
   <datafield ind2=" " ind1=" " tag="720">
      <subfield code="a">Ureña Peñalva, Belén</subfield>
      <subfield code="e">author</subfield>
   </datafield>
   <datafield ind2=" " ind1=" " tag="260">
      <subfield code="c">2018-06</subfield>
   </datafield>
   <datafield ind2=" " ind1=" " tag="520">
      <subfield code="a">El present treball proposa la implantació d'un pla d'estudi estructurat per aconseguir millorar el rendiment interpretatiu. Les estratègies aplicades han tingut en compte factors psicològics, fisiològics i instrumentals per obtenir resultats mesurables que permetessin una avaluació constructiva. Dins d'aquests resultats s'inclou la interpretació final d'una obra concreta com a forma de valorar l'efectivitat de les estratègies proposades.</subfield>
   </datafield>
   <datafield ind2=" " ind1=" " tag="520">
      <subfield code="a">El presente trabajo propone la implantación de un plan de estudio estructurado para lograr mejorar el rendimiento interpretativo. Las estrategias aplicadas han tenido en cuenta factores psicológicos, fisiológicos e instrumentales para obtener resultados mensurables que permitieran una evaluación constructiva. Dentro de esos resultados se incluye la interpretación final de una obra concreta como forma de valorar la efectividad de las estrategias propuestas.</subfield>
   </datafield>
   <datafield ind2=" " ind1=" " tag="520">
      <subfield code="a">This work proposes the implementation of a structured study plan to improve the performance ability. The strategies applied have taken into account psychological, physiological, and instrumental factors to obtain measurable results that allow for a constructive evaluation. Within these results, the final interpretation of a concrete work is included as a way of assessing the effectiveness of the proposed strategies.</subfield>
   </datafield>
   <datafield ind1="8" ind2=" " tag="024">
      <subfield code="a">http://hdl.handle.net/20.500.12694/7076</subfield>
   </datafield>
   <datafield tag="653" ind2=" " ind1=" ">
      <subfield code="a">TFG Música clàssica i contemporània</subfield>
   </datafield>
   <datafield tag="653" ind2=" " ind1=" ">
      <subfield code="a">Trompa, Música per a</subfield>
   </datafield>
   <datafield tag="653" ind2=" " ind1=" ">
      <subfield code="a">Trompa--Estudis i exercicis</subfield>
   </datafield>
   <datafield tag="653" ind2=" " ind1=" ">
      <subfield code="a">Estudi, Tècniques d'</subfield>
   </datafield>
   <datafield tag="653" ind2=" " ind1=" ">
      <subfield code="a">Música--Ensenyament</subfield>
   </datafield>
   <datafield tag="653" ind2=" " ind1=" ">
      <subfield code="a">Música--Història i crítica--Compendis, programes d'estudi, etc.</subfield>
   </datafield>
   <datafield tag="653" ind2=" " ind1=" ">
      <subfield code="a">Música--Interpretació (Fraseig, dinàmica, etc.)</subfield>
   </datafield>
   <datafield ind2="0" ind1="0" tag="245">
      <subfield code="a">Construyendo una interpretación: del texto escrito al discurso sonoro</subfield>
   </datafield>
</record></metadata></record></GetRecord></OAI-PMH>